Pathology Illustrated (Record no. 723)

MARC details
000 -LEADER
fixed length control field 01088cam a22003494a 4500
001 - CONTROL NUMBER
control field 13949457
003 - CONTROL NUMBER IDENTIFIER
control field OSt
005 - DATE AND TIME OF LATEST TRANSACTION
control field 20231010134320.0
008 - FIXED-LENGTH DATA ELEMENTS--GENERAL INFORMATION
fixed length control field 050503s2005 stka 001 0 eng
010 ## - LIBRARY OF CONGRESS CONTROL NUMBER
LC control number 2005048427
020 ## - INTERNATIONAL STANDARD BOOK NUMBER
International Standard Book Number 0443073368
035 ## - SYSTEM CONTROL NUMBER
System control number (DNLM)101247297
040 ## - CATALOGING SOURCE
Original cataloging agency DNLM/DLC
Transcribing agency DLC
Modifying agency DLC
042 ## - AUTHENTICATION CODE
Authentication code pcc
050 00 - LIBRARY OF CONGRESS CALL NUMBER
Classification number RB111
Item number .G68 2005
060 10 - NATIONAL LIBRARY OF MEDICINE CALL NUMBER
Classification number QZ 4
Item number R357p 2005
082 00 - DEWEY DECIMAL CLASSIFICATION NUMBER
Classification number QZ 4 R27p 2005
Edition number 22
100 1# - MAIN ENTRY--PERSONAL NAME
Personal name Reid, Robin; Roberts, Fiona;
9 (RLIN) 1803
245 10 - TITLE STATEMENT
Title Pathology Illustrated
250 ## - EDITION STATEMENT
Edition statement 6th ed.
260 ## - PUBLICATION, DISTRIBUTION, ETC. (IMPRINT)
Place of publication, distribution, etc. Edinburgh;
Name of publisher, distributor, etc. Elsevier,
Date of publication, distribution, etc. c2005.
300 ## - PHYSICAL DESCRIPTION
Extent xii, 677 p. :
Other physical details ill. ;
Dimensions 25 cm.
500 ## - GENERAL NOTE
General note Includes index.
500 ## - GENERAL NOTE
General note Rev. ed. of: Pathology illustrated / Peter S. Macfarlane, Robin Reid, Robin Callander. 5th ed. 2000.
650 #0 - SUBJECT ADDED ENTRY--TOPICAL TERM
Topical term or geographic name as entry element Pathology.
9 (RLIN) 37
650 #0 - SUBJECT ADDED ENTRY--TOPICAL TERM
Topical term or geographic name as entry element Pathology
Form subdivision Atlases.
9 (RLIN) 1922
650 12 - SUBJECT ADDED ENTRY--TOPICAL TERM
Topical term or geographic name as entry element Pathology.
9 (RLIN) 37
906 ## - LOCAL DATA ELEMENT F, LDF (RLIN)
a 7
b cbc
c orignew
d 1
e ocip
f 20
g y-gencatlg
942 ## - ADDED ENTRY ELEMENTS (KOHA)
Source of classification or shelving scheme Other/Generic Classification Scheme
Koha item type Short Loan
Holdings
Withdrawn status Lost status Source of classification or shelving scheme Damaged status Not for loan Home library Current library Date acquired Source of acquisition Inventory number Total Checkouts Full call number Barcode Date last seen Koha item type
    Other/Generic Classification Scheme     MUST Main Library MUST Main Library 07/11/2014 Purchase 08/29565   QZ 4 R27p 2005 2014-3328 07/11/2014 Short Loan
    Other/Generic Classification Scheme     MUST Main Library MUST Main Library 07/11/2014 Purchase 08/29567   QZ 4 R27p 2005 2014-3329 07/11/2014 Short Loan